Wapshott and another v Davies Donovan (A firm); Kidd and another v Newberry (A firm) (Record no. 12903)
[ view plain ]
| 000 -LEADER | |
|---|---|
| fixed length control field | 01536cab a2200253 4500 |
| 001 - CONTROL NUMBER | |
| control field | ABS55876 |
| 008 - FIXED-LENGTH DATA ELEMENTS--GENERAL INFORMATION | |
| fixed length control field | 090401t1996 xxu||||| |||| 00| 0 eng d |
| 035 ## - SYSTEM CONTROL NUMBER | |
| System control number | (Sirsi) u19342 |
| 041 ## - LANGUAGE CODE | |
| Language code of text/sound track or separate title | eng |
| 245 ## - TITLE STATEMENT | |
| Title | Wapshott and another v Davies Donovan (A firm); Kidd and another v Newberry (A firm) |
| 260 ## - PUBLICATION, DISTRIBUTION, ETC. | |
| Date of publication, distribution, etc. | 1996 |
| 350 ## - PRICE (NR) (BK AM CF MU VM SE) [OBSOLETE] | |
| Price | 0 |
| 490 ## - SERIES STATEMENT | |
| Series statement | Property and Compensation Reports |
| Volume/sequential designation | [1996] 72 P&CR 245-260(9) |
| 520 ## - SUMMARY, ETC. | |
| Summary, etc. | CA 14 December 1995. In 1986 the plaintiffs purchased one bedroom flats on long leases. In 1988 N received an offer to purchase their flat. Solicitor discovered that the land on which the flats were built was not wholly owned by the vendor. The plaintiffs began proceedings for negligence against the solicitors who had conducted their conveyances. Defendants contested leases to be valued as at date of purchase, plaintiffs as at when defect came to light. "Held" that the loss was to be valued at the date of breach in 1986 at which time the leases were found to be valueless. Damages assessed at £3000 but held plaintiffs not entitled to such damages. On appeal and cross-appeal "held" that the Master ought to have awarded damages. Appeal dismissed. Cross-appeal allowed. |
| 650 ## - SUBJECT ADDED ENTRY--TOPICAL TERM | |
| Topical term or geographic name entry element | BREACH OF DUTY |
| 650 ## - SUBJECT ADDED ENTRY--TOPICAL TERM | |
| Topical term or geographic name entry element | DEFECTIVE TITLE |
| 650 ## - SUBJECT ADDED ENTRY--TOPICAL TERM | |
| Topical term or geographic name entry element | MORTGAGE LEASES |
| 650 ## - SUBJECT ADDED ENTRY--TOPICAL TERM | |
| Topical term or geographic name entry element | NEGLIGENCE |
| 650 ## - SUBJECT ADDED ENTRY--TOPICAL TERM | |
| Topical term or geographic name entry element | SOLICITORS |
| 650 ## - SUBJECT ADDED ENTRY--TOPICAL TERM | |
| Topical term or geographic name entry element | WAPSHOTT AND ANOTHER V DAVIES DONOVAN; KIDD AND ANOTHER V NEWBERRY |
| 690 ## - LOCAL SUBJECT ADDED ENTRY--TOPICAL TERM (OCLC, RLIN) | |
| Topical term or geographic name as entry element | MANAGEMENT-BUSINESS MANAGEMENT-PROFESSIONAL PRACTICE |
| 942 ## - ADDED ENTRY ELEMENTS (KOHA) | |
| Suppress in OPAC | 0 |
| 948 ## - LOCAL PROCESSING INFORMATION (OCLC); SERIES PART DESIGNATOR (RLIN) | |
| c (OCLC) | 04/03/1997 |
| Withdrawn status | Lost status | Source of classification or shelving scheme | Damaged status | Not for loan | Home library | Current library | Shelving location | Date acquired | Total Checkouts | Full call number | Barcode | Date last seen | Copy number | Price effective from | Koha item type |
|---|---|---|---|---|---|---|---|---|---|---|---|---|---|---|---|
| Dewey Decimal Classification | London | London | Journal article | 14/09/1999 | ABS55876 | 19342-1001 | 06/08/2019 | 1 | 06/08/2019 | Law report |